| 000 | 00499nam a2200193Ia 4500 | ||
|---|---|---|---|
| 001 | 7972 | ||
| 003 | GE_BSU | ||
| 008 | 181216s||||||||xx |||||||||||||| ||und|| | ||
| 040 | _cGE_BSU | ||
| 245 | _aГенетика,Том 49,№8.2013. | ||
| 245 | _cГл.ред.С.В.Шестаков и др. | ||
| 260 | _aМосква. | ||
| 260 | _bНАУКА. | ||
| 260 | _c2013.Июнь. | ||
| 300 | _a1016ст;28см. | ||
| 653 | _aГенетика | ||
| 653 | _aპერიოდიკა | ||
| 942 | _cCR | ||
| 999 |
_c41315 _d41315 |
||